|
|
|
|
| LEADER |
00856nam a2200265 4500 |
| 001 |
DLU090068262 |
| 005 |
##20090425 |
| 040 |
# |
# |
|a DLU
|b vie
|
| 041 |
# |
# |
|a vie
|
| 044 |
# |
# |
|a vn
|
| 100 |
# |
# |
|a Phong Lê.
|
| 245 |
# |
# |
|a Vài khía cạnh về đời sống văn học ở cộng hoà dân chủ Đức anh em trong chủ nghĩa xã hội phát triển /
|c Phong Lê.
|
| 653 |
# |
# |
|a Đức
|
| 653 |
# |
# |
|a Văn học hiện thực xã hội chủ nghĩa
|
| 653 |
# |
# |
|a Xây dựng chủ nghĩa xã hội
|
| 773 |
# |
# |
|t Tạp chí văn học
|g Số5, 1979, tr.28-36
|
| 920 |
# |
# |
|a Phòng Tạp chí -- Trung tâm Thông tin - Thư viện Trường Đại học Đà Lạt
|
| 994 |
# |
# |
|a DLU
|
| 900 |
# |
# |
|a True
|
| 911 |
# |
# |
|a Nguyễn Thị Linh Chi
|
| 925 |
# |
# |
|a G
|
| 926 |
# |
# |
|a A
|
| 927 |
# |
# |
|a BB
|
| 980 |
# |
# |
|a Thư viện Trường Đại học Đà Lạt
|